| 000 | 01177nam a22002657a 4500 | ||
|---|---|---|---|
| 999 |
_c18516 _d18516 |
||
| 003 | AR-CdUCM | ||
| 008 | 190514b ||||| |||| 00| 0 spa d | ||
| 040 |
_aMUNICIPALIDAD PROVINCIAL DEL CUSCO _cBIBLIOTECA MUNICIPAL DEL CUSCO |
||
| 041 | _heng | ||
| 082 |
_a330.974 / _bR47 |
||
| 100 |
_aReynolds, Clark W. _939144 |
||
| 245 |
_aLa constitución americana / _bsu estructura y crecimiento en el siglo XX / |
||
| 260 |
_aMéxico : _bCentro regional de ayuda técnica, _c1970. |
||
| 300 |
_a521 páginas ; _c24 cm. |
||
| 440 |
_aSección de obras de economía ; _96499 |
||
| 505 | _aContenido: Tres épocas del crecimiento económico de México: 1900 - 1960 -- La naturaleza y las consecuencias del cambio estructural en México: 1900 - 1965 -- La revolución agraria en México: Historia de la producción y de la productividad agrícolas: 1900 - 1960 ... | ||
| 650 |
_aEconomía _9382 |
||
| 650 |
_aEstructura y crecimiento _939145 |
||
| 650 |
_aPolíticas comerciales _939146 |
||
| 650 |
_aMéxico _918 |
||
| 700 |
_aVillegas, Carlos (traductor) _98893 |
||
| 710 |
_aAgencia para el desarrollo internacional _936061 |
||
| 942 |
_2ddc _cLIBROS |
||
| 945 |
_aacv _d2019-05-14 |
||